Library Banner

Emotional intelligence (Record no. 20658)

MARC details
000 -LEADER
fixed length control field 00448nam a2200181Ia 4500
001 - CONTROL NUMBER
control field 20312
008 - FIXED-LENGTH DATA ELEMENTS--GENERAL INFORMATION
fixed length control field 140408s9999 xx 000 0 und d
020 ## - INTERNATIONAL STANDARD BOOK NUMBER
International Standard Book Number 0-553-84007-x
040 ## - CATALOGING SOURCE
Transcribing agency PK-LaUMT
082 ## - DEWEY DECIMAL CLASSIFICATION NUMBER
Classification number 152.4
Item number GOL-E
100 ## - MAIN ENTRY--PERSONAL NAME
Personal name Daniel Goleman
245 ## - TITLE STATEMENT
Title Emotional intelligence
Statement of responsibility, etc Daniel Goleman
260 ## - PUBLICATION, DISTRIBUTION, ETC. (IMPRINT)
Place of publication, distribution, etc New York,USA:
Name of publisher, distributor, etc Bantam Books,
Date of publication, distribution, etc 1995
300 ## - PHYSICAL DESCRIPTION
Extent 413 p.
546 ## - LANGUAGE NOTE
Language note EN
650 ## - SUBJECT ADDED ENTRY--TOPICAL TERM
Topical term or geographic name as entry element Emotional intelligence
942 ## - ADDED ENTRY ELEMENTS (KOHA)
Koha item type Books
Holdings
Withdrawn status Lost status Source of classification or shelving scheme Damaged status Not for loan Home library Current library Date acquired Total Checkouts Full call number Barcode Checked out Date last seen Date checked out Price effective from Koha item type Total Renewals
    Dewey Decimal Classification     UMT Main Campus UMT Main Campus 2014-04-08 2 152.4 GOL-E 23665 2019-06-01 2019-05-18 2019-05-18 2014-04-23 Books  
    Dewey Decimal Classification     UMT Main Campus UMT Main Campus 2014-06-18 22 152.4 GOL-E 29798 2026-07-18 2026-07-04 2026-07-04 2014-06-18 Books 1